Statistické metody pro ekonomy průmyslu

Saved in:
Bibliographic Details
Main Author: Seger, Jan
Format: Book
Language:Czech
Published: Praha Stát. nakl. techn. lit. 1988
Edition:1. vyd.
Tags: Add Tag
No Tags, Be the first to tag this record!

MARC

LEADER 00000nam a2200000 4500
001 c037999
005 20250611101402.1
041 0 |a cze 
044 |a CZ 
245 1 0 |a Statistické metody pro ekonomy průmyslu  |c Jan Seger 
250 |a 1. vyd. 
264 1 |a Praha  |b Stát. nakl. techn. lit.  |c 1988 
300 |a 545 s. 
100 1 |a Seger, Jan